NBA Teams by Retired Jerseys - Statistics

General Stats
  • This quiz has been taken 140 times
  • The average score is 12 of 13
Answer Stats
Players Team % Correct
Michael Jordan (23), Scottie Pippen (33), Jerry Krause (_), Jerry Sloan (4) Chicago Bulls
97%
Magic Johnson (32), Jerry West (44), Kobe Bryant (8 and 24), Shaquille O'Neal (34) Los Angeles Lakers
97%
Kevin Garnett (5), Bill Russell (6), Larry Bird (33), Bob Cousy (14), Robert Parish (00) Boston Celtics
96%
Yao Ming (11), Hakeem Olajuwon (34), Moses Malone (24) Houston Rockets
96%
Chris Bosh (1), Dwayne Wade (3), Tim Hardaway (10), Alonzo Mourning (33) Miami Heat
96%
Dikembe Mutumbo (55), Bob Pettit (9), Dominique Wilkins (21), Pete Maravich (44) Atlanta Hawks
94%
Walt Frazier (10), Patrick Ewing (33), Red Holzman (613) Bill Bradley (24) New York Knicks
94%
Allen Iverson (3), Moses Malone (2), Julius Erving (6), Billy Cunningham (32) Philadelphia 76ers
93%
Pete Maravich (7), Mark Eaton (53), Karl Malone (32), John Stockton (12) Utah Jazz
93%
Sidney Moncrief (4), Oscar Robertson (1), Kareem Abdul-Jabbar (33) Milwaukee Bucks
92%
Ben Wallace (3), Chauncey Billups (1), Joe Dumars (4), Bill Lambeer (40) Dennis Rodman (10) Detroit Pistons
89%
Clyde Drexler (22), Larry Steele (15), Bill Walton (32), Terry Porter (30) Portland Trail Blazers
88%
Zydrunas Ilgauskas (11), Larry Nance (22), Austin Carr (34), Bingo Smith (7) Cleveland Cavaliers
82%
No matching quizzes found
Score Distribution
Percent of People with Each Score
Percentile by Number Answered
Your Score History
You have not taken this quiz